Culture Générale - Série 1814 - Statistiques

Statistiques générales
  • Ce quiz a été pris 136 fois
  • Le résultat moyen est 5 sur 10
Statistiques - réponses
Question Réponse % Correct
Comment appelle-t-on la machine de guerre utilisée pour lancer des projectiles à grande distance, sans emploi d'aucun explosif ? catapulte
66%
Dans quelle ville du Japon peut-on admirer le temple Kinkaku-ji ? Kyoto
66%
Dans quel pays coule le fleuve Méandre, qui se jette dans la mer Egée ? Turquie
59%
Quel fleuve traverse Lisbonne ? Tage
54%
Dans quel pays a-t-on bâti le barrage des Trois-Gorges ? Chine
47%
Quel est le prénom du chanteur Garfunkel, qui formait un duo célèbre avec Paul Simon ? Art
45%
Sur quelle île se trouve le sultanat de Brunei ? Bornéo
45%
Quel nom donne-t-on à l'argot anglais ? slang
34%
Qui a écrit les Méditations métaphysiques ? René Descartes
28%
Dans la mythologie grecque, comment s'appelait le père d'Andromaque, tué par Achille, pendant la guerre de Troie ? Eétion
8%
Aucun quiz correspondant
Distribution des résultats
% des personnes avec chaque résultat
Percentile par nombre de réponses
Votre historique - résultats
Vous n’avez pas pris ce quiz